000 00499cgm a2200121 4500
001 3942
010 _a 00574793
245 0 4 _aThe no. 7 train : an immigrant journey /
_ca Third World Newsreel production ; directed, produced and scripted by J.T. Takagi and Hye Jung Park.
260 _c1999.
300 _a1 videodisc (ca. 30 min.) :
_bsd., col. ;
_c4 3/4 in.
508 _aCinematographic material and editing by Orinne J. T. Takagi and Hye Jung Park.
650 _aImmigration --United states.
_v
_x
_y
_z
_2
999 _c3219
_d3219